Biografias da História de Portugal (Registo nº 802)

Detalhes MARC
000 -Etiqueta do registo
Cabeçalho 00744nam0a22002891 4500
005 - Identificador da versão
Campo de controlo 20240813121815.0
010 ## - Número internacional normalizado dos livros (ISBN)
Número (ISBN) 9895541414
021 ## - Número do Depósito Legal
Código do país PT
Número 213369/04
035 ## - Other System Control Numbers
System Control Number 0000872
System Control Number 0000867
System Control Number 0000860
System Control Number 0000848
100 ## - Dados gerais de processamento
Dados gerais de processamento 20080129d2004 a e0pory5003 ba
102 ## - Pais de publicação ou produção
País de publicação Portugal
101 0# - Língua de publicação
Língua do texto, banda sonora, etc. Português
Língua do documento no original Português
106 ## - Campo de dados codificados: material textual
Dados codificados do material textual r
105 ## - Campo de dados codificados: livros
Dados codificados dos livros a z 001yy
215 ## - Descrição física 
Indicação específica da natureza do documento e extensão da espécie 263 p.
Outras indicações físicas ilustrado
Dimensões cm
200 1# - Titulo e menção de responsabilidade
Título próprio Biografias da História de Portugal
Informação de outro título Rainha Santa Isabel
Primeira menção de responsabilidade António de Vasconcelos
Outras menções de responsabilidade coord. José Hermano Saraiva
225 2# - Colecção 
Título próprio da colecção História de Portugal
Indicação de volume XXX
205 ## - Menção da edição
Menção da edição 1ª ed.
210 ## - Publicação, Distribuição, etc. 
Lugar da edição, distribuição, etc. Matosinhos
Nome do editor, distribuidor, etc. QuidNovi
Data da publicação, distribuição, etc. 2004
942 ## - Elementos de entrada adicionados (Koha)
Tipo de item no Koha Livro
Exemplares
Situação do levantamento Origin of item (home branch) (coded) Biblioteca de empréstimo Código de barras Cota Circulation type (not for loan) Tipo de documento Nota do exemplar Damaged status
  Biblioteca Escolar Eng. Nuno Mergulhão Biblioteca Escolar Eng. Nuno Mergulhão BENM1312 9PT SAR   Livro Sem mensagem